Linkin Park Albums - Statistiken

Allgemein
  • Dieses Quiz wurde 116 mal gespielt
  • Das Durchschnittsergebnis liegt bei 6 aus 8
Antwortstatistiken
Hint Antwort % Korrekt
2 Meteora
92%
1 Hybrid Theory
86%
8 From Zero
79%
3 Minutes to Midnight
76%
7 One More Light
71%
6 The Hunting Party
65%
5 LIVING THINGS
63%
4 A Thousand Suns
59%
Keine übereinstimmenden Quizze gefunden
Verteilung der Resultate
Anzahl Personen mit jedem Resultat
Perzentil nach korrekt beantworteten Fragen
Ihre Resultats-Entwicklung
Sie haben dieses Quiz noch nicht gespielt